| 000 | 00477nam a2200181Ia 4500 | ||
|---|---|---|---|
| 003 | OSt | ||
| 005 | 20250131123805.0 | ||
| 008 | 210210b1975 xxu||||| |||| 00| 0 eng d | ||
| 040 | _cAL | ||
| 082 | _aK894.4 KESM | ||
| 100 |
_aKESHAVA BHATTA (T). _9196641 _dಕೇಶವ ಭಟ್ಟ |
||
| 245 |
_aManohara. _bಮನೋಹರ |
||
| 260 |
_aBangaluru _bChira Sahitya Prakashana _c1975 |
||
| 300 | _a156 | ||
| 690 |
_aKannada Prose _9196642 |
||
| 906 | _a040537 | ||
| 942 |
_2ddc _cBK |
||
| 999 |
_c90283 _d90283 |
||